01630nam a2200289Ia 4500003000900000005001700009008004100026020001800067040003300085041000800118082001500126100003000141245008100171250001800252264019100270300002500461336002700486337003300513338002800546490002500574520051000599650004801109650005501157650005301212650004201265700003301307CO-MqBPB20220404115912.0121119s9999 ck 000 p spa d a9789588471341 aCO-MqBPBbspaerdacCO-MqBPB0 aspa a170 bR29 10aReyes, Alfonsod1889-195910aCartilla moral /cAlfonso Reyes ; nota introductoria de Julio Paredes Castro a1a. edición aBogotábAlcaldía MayorbSecretaría Distrital de Cultura, Recreación y Deporte bFundación Gilberto Alzate Avendaño bSecretaría de Educación bMinisterio de culturac2010 a82 páginasc16 cm. atextobtxt2rdacontent asin mediaciónbn2rdamedia avolumenbnc2rdacarrier aLibro al viento v69 aPresentado a manera de catorce “lecciones”, Cartilla moral tenía la intención de guiar y defender los preceptos de la convivencia colectiva, con una vigencia que aún sorprende y trazados bajo la retórica de una ética laica, que abarcara las nociones básicas de “sociología, antropología, política o educación cívica, higiene y urbanidad”, destinadas al adulto en proceso de alfabetización, así como al niño, según las propias palabras de Alfonso Reyes en el Prefacio.142LEMBaÉtica vEnsayos, conferencias, etc.142LEMBaAntropología vEnsayos, conferencias, etc.142LEMBaSociología vEnsayos, conferencias, etc.142LEMBaVida cotidiana en la literatura10aParedes Castro, Juliod1957-